| 000 | 00469nam a22001937a 4500 | ||
|---|---|---|---|
| 005 | 20231208153618.0 | ||
| 008 | 231208b |||||||| |||| 00| 0 eng d | ||
| 020 | _a0256025339 | ||
| 082 |
_a658.8 _bMCC |
||
| 100 | _aMccarthy,EJerome | ||
| 245 | _aBasic marketing : a managerial approach | ||
| 250 | _a7th ED. | ||
| 260 |
_aUSA _c1981 |
||
| 300 | _a762 | ||
| 500 | _aInclude subject index | ||
| 650 | _aMarkiting | ||
| 700 | _aBrogowicz,Andrew A. | ||
| 999 |
_c34885 _d34885 |
||